000 00480nam a2200193Ia 4500
003 OSt
005 20230429103750.0
008 210210b2000 xxu||||| |||| 00| 0 eng d
040 _cAL
041 _aSanskrit
082 _aS891.3 CHIK
100 _aCHIDGHANASVAMIGALU, Ed.
_995034
245 _aKathakaumudi
260 _aBengaluru.
_bSahitya Prakashana Kendra.,
_c2000
300 _aviii,66
690 _aSanskrit Prose & Champu
_995035
906 _a035808
942 _2ddc
_cBK
999 _c86391
_d86391